000
00263nam a22001217a 4500
082
_a
894.812.3
_b
CHA/K
100
_a
CHARUVIL, ASOKAN
245
_a
KATOOR KADAVU
260
_a
KOTTAYAM
_b
DC BOOKS
300
_a
376
650
_a
MALAYALAM VOVEL
_z
KERALA
942
_c
BK
999
_c
7156
_d
7156